| 000 | 00406nam a2200157Ia 4500 | ||
|---|---|---|---|
| 008 | 151213s9999 xx 000 0 und d | ||
| 020 | _a81-250-2232-5 | ||
| 100 | _aW. Terrence Gordon | ||
| 245 |
_aSaunsure For Beginner _cW. Terrence Gordon |
||
| 260 |
_aNew Delhi _bOrient Longman _c1996 |
||
| 300 | _a7149 p. | ||
| 650 | _aEnglish | ||
| 650 | _aEnglish | ||
| 700 | _aW. Terrence Gordon | ||
| 999 |
_c3792 _d3792 |
||